Ecoagriculture : (Registro nro. 5030)
[ vista simple ]
| 000 -CABECERA | |
|---|---|
| Campo de control | 01230cam a2200313 a 4500 |
| 005 - FECHA Y HORA DE LA ULTIMA TRANSACCION | |
| Campo de control | 20150925155010.0 |
| 008 - ELEMENTOS DE LONGITUD FIJA—INFORMACION GENERAL | |
| Campo de control | 010820s1999 rh ab b 001 0 eng |
| 020 ## - ISBN | |
| ISBN | 0797420150 |
| 040 ## - FUENTE DE CATALOGACIÓN | |
| Agencia catalogadora original | DLC |
| Agencia transcriptora | DLC |
| Agencia Modificadora | DLC |
| -- | CO-BoIAVH |
| 041 0# - IDIOMA | |
| Código de idioma para texto/pista de sonido o título separado | Inglés |
| 044 ## - PAÍS DE PUBLICACIÓN | |
| País de publicación | Estados Unidos |
| 082 04 - NUMERO DE CLASIFICACION DECIMAL DEWEY | |
| Número de clasificación | 630.968 |
| Número del ítem | M16e |
| 245 00 - MENCION DE TITULO | |
| Título | Ecoagriculture : |
| Parte restante del título | initiatives in eastern and southern Africa / |
| Mención de responsabilidad | J.F. Devlin and T. Zettel, editors. |
| 260 ## - PUBLICACION, DISTRIBUCION, ETC. (PIE DE IMPRENTA) | |
| Lugar de publicación, distribución, etc. | Avondale, Harare, Zimbabwe : |
| Nombre del editor, distribuidor, etc. | Weaver Press, |
| Fecha de publicación, distribución, etc. | 1999. |
| 300 ## - DESCRIPCION FISICA | |
| Extensión | xii, 348 páginas : |
| Otros detalles físicos | ilustraciones, mapas y tablas ; |
| Dimensiones | 22 cm. |
| 490 1# - MENCION DE SERIE | |
| Mención de serie | Environmental round table series |
| 500 ## - NOTA GENERAL | |
| Nota general | "University of Guelph." |
| 500 ## - NOTA GENERAL | |
| Nota general | "Proyecto de Mejoramiento de la Capacidad Ambiental"--P. facing t.p. verso. |
| 504 ## - NOTA DE BIBLIOGRAFIA, ETC. | |
| Nota de bibliografía | Incluye referencias bibliográficas e índices. |
| 650 #0 - ASIENTO SECUNDARIO DE MATERIA - TERMINO TEMATICO | |
| Término temático o nombre geográfico como elemento de entrada | Agricultura |
| Subdivisión geográfica | Africa, Oriental. |
| 9 (RLIN) | 39845 |
| 650 #0 - ASIENTO SECUNDARIO DE MATERIA - TERMINO TEMATICO | |
| Término temático o nombre geográfico como elemento de entrada | Agricultura |
| Subdivisión geográfica | Africa, del Sur. |
| 9 (RLIN) | 39846 |
| 650 #0 - ASIENTO SECUNDARIO DE MATERIA - TERMINO TEMATICO | |
| Término temático o nombre geográfico como elemento de entrada | Ecología Agricola |
| Subdivisión geográfica | Africa, Oriental. |
| 9 (RLIN) | 39847 |
| 650 #0 - ASIENTO SECUNDARIO DE MATERIA - TERMINO TEMATICO | |
| Término temático o nombre geográfico como elemento de entrada | Ecología Agrícola |
| Subdivisión geográfica | Africa, Sur. |
| 9 (RLIN) | 39848 |
| 700 1# - ASIENTO SECUNDARIO - NOMBRE PERSONAL | |
| Nombre personal | Devlin, John F. |
| 9 (RLIN) | 39838 |
| 700 1# - ASIENTO SECUNDARIO - NOMBRE PERSONAL | |
| Nombre personal | Zettel, T. |
| Forma más completa del nombre | (Ted) |
| 9 (RLIN) | 39849 |
| 710 2# - ASIENTO SECUNDARIO - NOMBRE CORPORATIVO | |
| Nombre corporativo o de jurisdicción como elemento de entrada | University of Guelph. |
| 9 (RLIN) | 39840 |
| 710 2# - ASIENTO SECUNDARIO - NOMBRE CORPORATIVO | |
| Nombre corporativo o de jurisdicción como elemento de entrada | Proyecto de Mejoramiento de la Capacidad Ambiental. |
| 9 (RLIN) | 39841 |
| 942 ## - ELEMENTOS ADICIONALES (KOHA) | |
| Sistema de clasificación | Dewey Decimal Classification |
| Tipo de ítem | Libro |
| Withdrawn status | Lost status | Sistema de Clasificación | Damaged status | No para préstamo | Colección | Inventariado | Ubicación Permanente | Ubicación actual | Fecha de adquisición | Fuente de Valor | Valor | Total Checkouts | Número topográfico | Inventario / Código de Barras | Date last seen | Ejemplar | Price effective from | Forma de adquisición | Tipo de material |
|---|---|---|---|---|---|---|---|---|---|---|---|---|---|---|---|---|---|---|---|
| Dewey Decimal Classification | General | Inventariado 2017 | Bogotá | Bogotá | 28/12/2005 | CID Humboldt | 39000.00 | LB-630.968 M16e | 022703 | 04/12/2012 | Ej. 1 | 04/12/2012 | Compra | Libro |